00802nam a2200217Ia 4500003000900000008004100009020001800050040001600068080001700084100002800101245015600129260003400285300001600319650004100335650001400376650001900390700002900409942000700438999001700445952012200462IN-BaIIA211028s9999 xx 000 0 eng d a0-7167-2157-0 cIIA Library a524.834bRIO aRiordan, Michael917545 4aThe shadows of creationbdark matter and the structure of the universecMichael Riordan and David N. Schramm  aNew YorkbW. H. Freemanc1991 aviii, 277p. aAstronomy and astrophysics thesaurus aCosmology aUniverse91987 aSchramm, David N.917546 cBK c10323d10323 00104070aBANbBANcGENd1992-03-04g470.17l0o524.834/ RIOp11233r2021-11-05v470.17w1992-03-04yBKGRs. 470.17